علم الادارة العامة
| Main Author: | |
|---|---|
| Format: | Book |
| Published: |
Iskandariyah
Muassasat al-Jamiah
1982
|
| Subjects: |
MARC
| LEADER | 00000cam a2200000 7i4500 | ||
|---|---|---|---|
| 001 | 0000002013 | ||
| 008 | 021118s1982 | ||
| 090 | 0 | 0 | |a JF1358 |b .H3 1982 |
| 100 | 0 | |a حلو, ماجد راغب |e author | |
| 245 | 1 | 0 | |a علم الادارة العامة |c ماجد راغب الحلو |
| 260 | 2 | |a Iskandariyah |b Muassasat al-Jamiah |c 1982 | |
| 300 | |a 258 p. |c 24 cm | ||
| 650 | 0 | |a Public administration | |
| 999 | |a 1000050023 |b Book |c OPEN SHELF (30 DAYS) |e Gong Badak Campus | ||
| 999 | |a 1000050024 |b Book |c OPEN SHELF (30 DAYS) |e Gong Badak Campus | ||